| 000 | 00686nam a22001577a 4500 | ||
|---|---|---|---|
| 003 | OSt | ||
| 005 | 20151002095806.0 | ||
| 008 | 151002b xxu||||| |||| 00| 0 eng d | ||
| 040 | _cRUA | ||
| 082 | _aAVM PA 1996 B069 Or.1 | ||
| 100 |
_91720 _aPA, BOREAK. |
||
| 245 | _aProject study on raising breeder pigs in hun sen development center kraing yov kandal provinec (ការសិក្សាអំពីគំរោងចិញ្ចឺមជ្រូកពូជនៅមណ្ឌលអភីវឌ្ឃន៏ហ៊ុនសែនក្រាំងយ៉ូវខេត្តកណ្ដាល) | ||
| 260 |
_aPhnom Penh _bRUA _c1996 |
||
| 300 |
_a60p. _bill. _c29cm. |
||
| 942 |
_2ddc _cAVM |
||
| 999 |
_c1624 _d1624 |
||